000 00566nam a2200205 a 4500
001 13401
003 CO-ViMGA
008 141112s2004 ck r 000 u spa d
020 _a9580425825
040 _aCO-ViMGA
_bspa
_cCO-ViMGA
082 0 4 _aKASch
100 1 _aKasza, Keiko
_919571
245 1 0 _aChoco encuentra una mama
260 _aBogotá :
_bNorma,
_c1999
300 _a30 : ils
490 _aBuenas noches
590 _aForma de adquisición : Proyecto 2005 - - Precio :
_12.870 Ej.1
650 1 4 _aCUENTOS INFANTILES JAPONESES
_919572
942 _2ddc
_cBK
999 _c24136
_d24136